[Event "23. Schweinfurt Open"]
[Site "Schweinfurt"]
[Date "2013.06.01"]
[Round "4.28"]
[White "Gerhard, Georg"]
[Black "Hofmann-Weippert, Matthias"]
[Result "0-1"]
[WhiteElo "1269"]
[BlackElo "1555"]
[PlyCount "86"]
[EventDate "2013.05.30"]
[Source "SK SW 2000"]
[SourceDate "2013.06.02"]

1. e4 c5 2. f4 d6 3. Nf3 e6 4. d4 cxd4 5. Nxd4 Nc6 6. Be3 Nf6 7. Nc3 a6 8. Nxc6
bxc6 9. Bd3 Be7 10. Qf3 Qc7 11. O-O O-O 12. Ne2 Bb7 13. Ng3 Rad8 14. Rae1 c5
15. Qe2 Qc6 16. c4 d5 17. e5 dxc4 18. Bxc4 Ne4 19. Nxe4 Qxe4 20. b3 Qc6 21. h3
Rd7 22. Kh2 Rfd8 23. Rg1 Kh8 24. g4 Qc8 25. Ref1 Rf8 26. g5 g6 27. h4 a5 28.
Rg3 Bd5 29. Rh3 Bxc4 30. bxc4 Qb7 31. h5 Qe4 32. Rf2 Rb8 33. Qg4 Rb1 34. Rg2
Rdd1 35. Bg1 Qxc4 36. hxg6 fxg6 37. Qh4 h5 38. Qg3 Rf1 39. Kh1 Qe4 40. Qh2
Rxg1+ 41. Qxg1 Rxg1+ 42. Kxg1 c4 43. Ra3 Bxa3 0-1

[Event "23. Schweinfurt Open"]
[Site "Schweinfurt"]
[Date "2013.06.01"]
[Round "4.29"]
[White "Hartmann, Christian"]
[Black "Brückner, Alexander"]
[Result "1/2-1/2"]
[WhiteElo "1554"]
[BlackElo "1202"]
[PlyCount "41"]
[EventDate "2013.05.30"]
[Source "SK SW 2000"]
[SourceDate "2013.06.02"]

1. e4 e5 2. Nf3 Nc6 3. Bb5 a6 4. Ba4 Be7 5. O-O b5 6. Bb3 d6 7. c3 Nf6 8. Qe2
Bg4 9. h3 Bh5 10. d3 h6 11. Nbd2 O-O 12. Re1 Na5 13. Bc2 c5 14. Nf1 Nc6 15. Ng3
Bg6 16. Nh2 Qd7 17. Bd2 Rac8 18. Nf3 Rc7 19. Rad1 Rfc8 20. Bc1 b4 21. Ba4
1/2-1/2

[Event "23. Schweinfurt Open"]
[Site "Schweinfurt"]
[Date "2013.06.01"]
[Round "4.30"]
[White "Leeb, Christian"]
[Black "Grünewald, Elmar"]
[Result "1-0"]
[WhiteElo "1164"]
[BlackElo "1454"]
[PlyCount "87"]
[EventDate "2013.05.30"]
[Source "SK SW 2000"]
[SourceDate "2013.06.02"]

1. c4 e6 2. Nc3 d5 3. d3 dxc4 4. Qa4+ Bd7 5. Qxc4 Nf6 6. Nf3 Be7 7. g3 O-O 8.
Bg2 c6 9. a4 Be8 10. O-O Nbd7 11. Bf4 Nb6 12. Qa2 Nbd5 13. Nxd5 Nxd5 14. Qc4
Nxf4 15. Qxf4 Bf6 16. Rab1 Rc8 17. Ne5 h6 18. Ng4 Bg5 19. Qc4 b5 20. axb5 cxb5
21. Qa2 Qb6 22. e3 Bc6 23. Rbc1 Bxg2 24. Rxc8 Rxc8 25. Kxg2 Rc2 26. Kg1 b4 27.
Qa4 Rc8 28. h4 Be7 29. Qd7 Rc7 30. Qe8+ Bf8 31. Ne5 Qd6 32. d4 g6 33. Qb8 Qe7
34. Nd3 a5 35. Ra1 Rb7 36. Qe5 Rc7 37. Rxa5 Rc2 38. Qb5 Qf6 39. Ra8 Qf3 40. Rb8
Kg7 41. Qe5+ f6 42. Qb5 Rc7 43. Qe8 Rf7 44. Nc5 1-0

[Event "23. Schweinfurt Open"]
[Site "Schweinfurt"]
[Date "2013.06.01"]
[Round "4.31"]
[White "Foitzik, Lukas"]
[Black "Steinerstauch, Bernd"]
[Result "0-1"]
[WhiteElo "776"]
[BlackElo "1435"]
[PlyCount "76"]
[EventDate "2013.05.30"]
[Source "SK SW 2000"]
[SourceDate "2013.06.02"]

1. e4 g6 2. Nc3 Bg7 3. Bc4 e6 4. Qf3 Nc6 5. Nge2 Ne5 6. Qe3 Nxc4 7. Qd3 Ne5 8.
Qh3 b6 9. d4 Nc6 10. Be3 d6 11. O-O e5 12. Qf3 Nf6 13. h3 O-O 14. Rad1 Nh5 15.
Rd2 f5 16. g4 fxg4 17. Qh1 gxh3 18. Ng3 Nxg3 19. fxg3 Rxf1+ 20. Kxf1 exd4 21.
Bf4 dxc3 22. bxc3 Bxc3 23. Rf2 Ba6+ 24. Kg1 Bd4 25. Qxh3 Bxf2+ 26. Kxf2 Qe7 27.
Qg2 d5 28. Ke3 Rf8 29. Qf3 Qa3+ 30. Kf2 Qc5+ 31. Be3 Qxc2+ 32. Kg1 Rxf3 33. Kh1
Rf1+ 34. Bg1 Qxe4+ 35. Kh2 Rf5 36. g4 Qxg4 37. Bf2 Rxf2+ 38. Kh1 Qd1# 0-1

[Event "23. Schweinfurt Open"]
[Site "Schweinfurt"]
[Date "2013.06.01"]
[Round "4.32"]
[White "Roth, Ludwig"]
[Black "Albert, Samuel"]
[Result "1-0"]
[WhiteElo "985"]
[BlackElo "1272"]
[PlyCount "69"]
[EventDate "2013.05.30"]
[Source "SK SW 2000"]
[SourceDate "2013.06.02"]

1. d4 e6 2. e4 d5 3. e5 c5 4. c3 Nc6 5. Nf3 Qb6 6. Nbd2 cxd4 7. cxd4 Nxd4 8.
Qa4+ Nc6 9. Nb3 Bd7 10. Be3 Qb4+ 11. Qxb4 Nxb4 12. Nfd4 Ne7 13. a3 Nbc6 14. Nb5
Kd8 15. Nd6 Be8 16. Nxb7+ Kd7 17. N3c5+ Kc7 18. f4 Rb8 19. Nd6 Ra8 20. Rc1 Nf5
21. Nb5+ Kc8 22. Bf2 Rb8 23. Na6 Rb7 24. g4 Nh6 25. g5 Nf5 26. Nxa7+ Kd8 27.
Nxc6+ Bxc6 28. Rxc6 Rxb2 29. Bb6+ Ke8 30. Bd3 Ra2 31. O-O Rxa3 32. Rfc1 Ne7 33.
Rd6 f6 34. Nc7+ Kf7 35. Bb5 1-0

[Event "23. Schweinfurt Open"]
[Site "Schweinfurt"]
[Date "2013.06.01"]
[Round "4.33"]
[White "Li, Simon"]
[Black "Weippert, Sophia"]
[Result "1-0"]
[WhiteElo "1223"]
[BlackElo "1145"]
[PlyCount "103"]
[EventDate "2013.05.30"]
[Source "SK SW 2000"]
[SourceDate "2013.06.02"]

1. e4 e5 2. Nf3 Nc6 3. Bc4 h6 4. d4 exd4 5. Nxd4 Nxd4 6. Qxd4 d6 7. O-O Qf6 8.
Be3 Be7 9. f4 Qxd4 10. Bxd4 Rh7 11. Nc3 Be6 12. Bxe6 fxe6 13. e5 g5 14. f5 exf5
15. Rxf5 Rf7 16. Raf1 Rxf5 17. Rxf5 dxe5 18. Rxe5 O-O-O 19. Be3 Bd6 20. Re6 a6
21. Ne4 Kd7 22. Rg6 Be5 23. Nc5+ Kc8 24. Nd3 Bd6 25. g3 b6 26. Nf2 Be5 27. c3
Nf6 28. Rxh6 Rg8 29. Kg2 a5 30. Kh3 g4+ 31. Kg2 Kd7 32. Nd3 Kd6 33. Nxe5 Kxe5
34. Bd4+ Ke4 35. Rxf6 Kd3 36. Rc6 Re8 37. Rxc7 Re2+ 38. Bf2 Rxb2 39. Rg7 Kxc3
40. Rxg4 Rxa2 41. h4 a4 42. Kf3 b5 43. h5 Rxf2+ 44. Kxf2 a3 45. Rh4 a2 46. Rh1
b4 47. h6 b3 48. h7 b2 49. h8=Q+ Kc2 50. Qxb2+ Kxb2 51. Kf3 Kc3 52. Kf4 1-0

[Event "23. Schweinfurt Open"]
[Site "Schweinfurt"]
[Date "2013.06.01"]
[Round "4.34"]
[White "Gerhard, Philipp"]
[Black "Christ, Andreas"]
[Result "0-1"]
[WhiteElo "841"]
[BlackElo "1397"]
[PlyCount "44"]
[EventDate "2013.05.30"]
[Source "SK SW 2000"]
[SourceDate "2013.06.02"]

1. e4 e5 2. Nf3 d6 3. Bc4 Bg4 4. Nc3 a6 5. d3 Nc6 6. h3 Bh5 7. g4 Bg6 8. Be3
Be7 9. Qd2 Qd7 10. Nd5 O-O-O 11. Nxe7+ Qxe7 12. O-O f6 13. g5 Bf7 14. Bxf7 Qxf7
15. gxf6 gxf6 16. Rfd1 Qh5 17. Kg2 Nge7 18. Rh1 Rhg8+ 19. Kf1 Qxf3 20. Rh2 Rg6
21. Qe2 Rg1+ 22. Kxg1 Qxe2 0-1

[Event "23. Schweinfurt Open"]
[Site "Schweinfurt"]
[Date "2013.06.01"]
[Round "4.35"]
[White "Lehmann, Andreas"]
[Black "Renner, Guenter"]
[Result "1-0"]
[WhiteElo "974"]
[BlackElo "1092"]
[PlyCount "53"]
[EventDate "2013.05.30"]
[Source "SK SW 2000"]
[SourceDate "2013.06.02"]

1. e4 e5 2. Nf3 f6 3. b3 Bc5 4. Bc4 d6 5. O-O f5 6. Bxg8 Rxg8 7. exf5 Bxf5 8.
h3 Qf6 9. Bb2 Nc6 10. c3 Rf8 11. d4 Bxh3 12. dxc5 O-O-O 13. c4 Qg6 14. Nh4 Qg5
15. g3 Rxf2 16. Rxf2 Qxg3+ 17. Ng2 Ne7 18. Qf3 Nf5 19. Nd2 Bxg2 20. Qxg3 Nxg3
21. Rxg2 Nf5 22. Ne4 g6 23. cxd6 cxd6 24. Kf2 Kc7 25. Rd1 Re8 26. c5 Re6 27.
cxd6+ 1-0

[Event "23. Schweinfurt Open"]
[Site "Schweinfurt"]
[Date "2013.06.01"]
[Round "5.1"]
[White "Golda, Harald"]
[Black "Amtmann, Florian"]
[Result "1-0"]
[WhiteElo "2332"]
[BlackElo "2171"]
[PlyCount "117"]
[EventDate "2013.05.30"]
[Source "SK SW 2000"]
[SourceDate "2013.06.02"]

1. d4 Nf6 2. Nf3 g6 3. c4 Bg7 4. g3 O-O 5. Bg2 d6 6. Nc3 Nbd7 7. O-O e5 8. e4
c6 9. h3 a6 10. a4 a5 11. Be3 Qe7 12. Qc2 h6 13. b3 exd4 14. Nxd4 Nc5 15. Rfe1
Nfd7 16. Rad1 Na6 17. Na2 Ndc5 18. f4 Bd7 19. Bf2 Rab8 20. Nc1 Nb4 21. Qd2 Rfd8
22. Nc2 Nxc2 23. Qxc2 Rbc8 24. Qd2 b5 25. Qxd6 Qxd6 26. Rxd6 Bf8 27. Bxc5 Bxd6
28. Bxd6 bxa4 29. bxa4 c5 30. e5 Bc6 31. Nd3 Bxa4 32. Bb7 Rc7 33. Bxc7 Rxd3 34.
Bxa5 Rxg3+ 35. Kh2 Ra3 36. Bg2 Ra2 37. Bb6 Rc2 38. Bxc5 Rxc4 39. Re4 Rxc5 40.
Rxa4 g5 41. Kg3 Rc3+ 42. Bf3 Re3 43. Re4 gxf4+ 44. Kxf4 Ra3 45. Bg4 Kg7 46. Rb4
h5 47. Bf5 Ra1 48. Rb7 Kf8 49. Kg5 Ra6 50. Rb5 Kg7 51. Kxh5 Rh6+ 52. Kg4 Ra6
53. Rb7 Kg8 54. Rd7 Ra5 55. Kf4 Ra1 56. Kg5 Ra6 57. Rd6 Ra8 58. Kf6 Re8 59. Rc6
1-0

[Event "23. Schweinfurt Open"]
[Site "Schweinfurt"]
[Date "2013.06.01"]
[Round "5.2"]
[White "Kunz, Konstantin"]
[Black "Schmitt, Philipp"]
[Result "1-0"]
[WhiteElo "2184"]
[BlackElo "2158"]
[PlyCount "117"]
[EventDate "2013.05.30"]
[Source "SK SW 2000"]
[SourceDate "2013.06.02"]

1. d4 d5 2. c4 e6 3. Nc3 Nf6 4. cxd5 exd5 5. Bg5 c6 6. Qc2 Be7 7. e3 O-O 8. Bd3
Nbd7 9. Nf3 Re8 10. h3 Nf8 11. Bf4 Ng6 12. Bh2 Bd6 13. Bxd6 Qxd6 14. O-O-O Be6
15. Kb1 Rac8 16. Rc1 b6 17. g4 c5 18. g5 Ne4 19. h4 cxd4 20. Nxd4 Nxc3+ 21.
bxc3 Rc5 22. f4 Bd7 23. h5 Nf8 24. h6 g6 25. Rhe1 Ne6 26. Qb2 Nxd4 27. cxd4
Rxc1+ 28. Kxc1 Bf5 29. Bxf5 gxf5 30. Kd2 Rc8 31. Rc1 Rxc1 32. Qxc1 Qb4+ 33. Ke2
Qb5+ 34. Kf2 Qd7 35. Qb1 Kf8 36. Qb4+ Ke8 37. a4 Qc6 38. Qb1 Qd7 39. Qb4 Qc6
40. Qb1 Qd7 41. a5 b5 42. a6 Kd8 43. Qb4 Ke8 44. Qc5 Kd8 45. Ke2 Ke8 46. Kd2
Kd8 47. Kc3 Qc8 48. Kb4 Qxc5+ 49. dxc5 Kd7 50. Kxb5 Kc7 51. c6 Kd6 52. c7 Kd7
53. c8=Q+ Kxc8 54. Kc6 Kd8 55. Kxd5 Kc7 56. Ke5 Kb6 57. Kf6 Kxa6 58. Kxf7 Kb5
59. g6 1-0

[Event "23. Schweinfurt Open"]
[Site "Schweinfurt"]
[Date "2013.06.01"]
[Round "5.3"]
[White "von der Linden, Armin"]
[Black "Kuhn, Norbert"]
[Result "0-1"]
[WhiteElo "1976"]
[BlackElo "2149"]
[PlyCount "96"]
[EventDate "2013.05.30"]
[Source "SK SW 2000"]
[SourceDate "2013.06.02"]

1. d4 d5 2. c4 e6 3. Nf3 c6 4. Qc2 Nd7 5. g3 Ngf6 6. Nbd2 dxc4 7. Nxc4 Bb4+ 8.
Bd2 Bxd2+ 9. Ncxd2 Qe7 10. Bg2 e5 11. e4 O-O 12. O-O exd4 13. Nxd4 Qc5 14. Qxc5
Nxc5 15. e5 Rd8 16. N4b3 Nxb3 17. Nxb3 Ng4 18. Rfe1 Rb8 19. h3 Nh6 20. Nc5 b6
21. Rad1 Bf5 22. Na6 Rxd1 23. Rxd1 Rc8 24. g4 Be6 25. b3 Kf8 26. Rd6 Ke7 27.
Rxc6 Rxc6 28. Bxc6 f6 29. exf6+ Kxf6 30. f4 g5 31. f5 Bf7 32. Kf2 Ng8 33. Ke3
Ke5 34. Bf3 Nf6 35. Nb4 a5 36. Nd3+ Kd6 37. Kd4 Nd7 38. Nb2 Ne5 39. Nc4+ Bxc4
40. Be4 Bf1 41. h4 h6 42. hxg5 hxg5 43. f6 Bb5 44. Bf5 Be8 45. Ke4 Bf7 46. Bh7
Be6 47. Bf5 Nxg4 48. f7 Nf6+ 0-1

[Event "23. Schweinfurt Open"]
[Site "Schweinfurt"]
[Date "2013.06.01"]
[Round "5.4"]
[White "Gould, Charles"]
[Black "Seidens, Udo"]
[Result "0-1"]
[WhiteElo "1969"]
[BlackElo "2237"]
[PlyCount "36"]
[EventDate "2013.05.30"]
[Source "SK SW 2000"]
[SourceDate "2013.06.02"]

1. f4 Nf6 2. b3 d5 3. Bb2 g6 4. e3 Bg7 5. Nf3 O-O 6. Be2 c5 7. O-O Nc6 8. Qe1
d4 9. Ne5 Nxe5 10. fxe5 Nd5 11. exd4 cxd4 12. Bc4 Bf5 13. c3 dxc3 14. dxc3 Qb6+
15. Rf2 Ne3 16. Na3 Ng4 17. e6 Bxe6 18. Bxe6 fxe6 0-1

[Event "23. Schweinfurt Open"]
[Site "Schweinfurt"]
[Date "2013.06.01"]
[Round "5.5"]
[White "Ziegler, Michael"]
[Black "Simon, Jonathan"]
[Result "1-0"]
[WhiteElo "2151"]
[BlackElo "1954"]
[PlyCount "111"]
[EventDate "2013.05.30"]
[Source "SK SW 2000"]
[SourceDate "2013.06.02"]

1. d4 Nf6 2. Nf3 g6 3. c4 Bg7 4. Nc3 O-O 5. e4 d6 6. Be2 e5 7. O-O Nc6 8. d5
Ne7 9. Ne1 Nd7 10. Nd3 f5 11. Bd2 fxe4 12. Nxe4 Nf6 13. f3 Nf5 14. Rc1 Bd7 15.
Ndf2 Kh8 16. Bd3 Qe7 17. Rc3 Rg8 18. Qc1 Qf8 19. Re1 Nd4 20. Ng3 Bf5 21. Be4
Nd7 22. b4 a5 23. a3 b6 24. Ne2 axb4 25. axb4 Ra4 26. Nxd4 exd4 27. Ra3 Rxa3
28. Qxa3 Ne5 29. Rc1 Bh6 30. Qb2 Bxe4 31. Nxe4 Bg7 32. Qc2 h6 33. Ng3 Qf7 34.
Rf1 Re8 35. h3 b5 36. cxb5 Qxd5 37. Rc1 Re7 38. b6 cxb6 39. f4 Nd7 40. Qxg6 Qf7
41. Rc8+ Nf8 42. Qxd6 Re6 43. Qc7 Qxc7 44. Rxc7 d3 45. Kf2 Nh7 46. Rc8+ Bf8 47.
Kf3 Kg8 48. Rd8 Rd6 49. Rxd6 Bxd6 50. Nf5 Bf8 51. Ke4 Nf6+ 52. Kxd3 Kf7 53. Kc4
Ke6 54. g4 Ne4 55. Be3 Bd6 56. Nxh6 1-0

[Event "23. Schweinfurt Open"]
[Site "Schweinfurt"]
[Date "2013.06.01"]
[Round "5.6"]
[White "Bräutigam, Thomas"]
[Black "Leeb, Simon"]
[Result "1-0"]
[WhiteElo "2116"]
[BlackElo "1732"]
[PlyCount "61"]
[EventDate "2013.05.30"]
[Source "SK SW 2000"]
[SourceDate "2013.06.02"]

1. d4 d5 2. Nf3 Nf6 3. c4 c6 4. e3 Bf5 5. Qb3 Qb6 6. Nc3 e6 7. Be2 Nbd7 8. O-O
Qxb3 9. axb3 Bd6 10. c5 Bc7 11. b4 O-O 12. b5 Ne4 13. Nxe4 dxe4 14. Nd2 cxb5
15. Bxb5 Nf6 16. f3 Rfd8 17. c6 exf3 18. cxb7 fxg2 19. Rxf5 exf5 20. bxa8=Q
Rxa8 21. Kxg2 Ng4 22. Nf3 Bb6 23. h3 Nf6 24. Bd2 g6 25. Ne5 Ne4 26. Bc6 Rc8 27.
Bxe4 fxe4 28. Bc3 Rc7 29. Ng4 h5 30. Nf6+ Kf8 31. Bb4+ 1-0

[Event "23. Schweinfurt Open"]
[Site "Schweinfurt"]
[Date "2013.06.01"]
[Round "5.7"]
[White "Yalcin, Alparslan"]
[Black "Feichtner, Erich"]
[Result "1-0"]
[WhiteElo "2027"]
[BlackElo "1873"]
[PlyCount "45"]
[EventDate "2013.05.30"]
[Source "SK SW 2000"]
[SourceDate "2013.06.02"]

1. e4 e5 2. Nf3 Nc6 3. d4 exd4 4. Nxd4 Bc5 5. Be3 Qf6 6. c3 Nge7 7. Bc4 d6 8.
O-O Ne5 9. Be2 h5 10. Nb5 O-O 11. Bxc5 dxc5 12. Nxc7 Rb8 13. Bxh5 g6 14. Be2
Kg7 15. f4 Rh8 16. g3 N5c6 17. Nd5 Qe6 18. Nxe7 Nxe7 19. Nd2 Bd7 20. Rf2 Rh6
21. Nf3 Bc6 22. Ng5 Qf6 23. e5 1-0

[Event "23. Schweinfurt Open"]
[Site "Schweinfurt"]
[Date "2013.06.01"]
[Round "5.8"]
[White "Häusler, Yannick"]
[Black "Krenz, Dieter"]
[Result "1-0"]
[WhiteElo "1857"]
[BlackElo "2028"]
[PlyCount "69"]
[EventDate "2013.05.30"]
[Source "SK SW 2000"]
[SourceDate "2013.06.02"]

1. e4 Nf6 2. e5 Nd5 3. c4 Nb6 4. d4 d6 5. exd6 cxd6 6. Nc3 g6 7. Be2 Bg7 8. Be3
O-O 9. h3 Nc6 10. Nf3 Bf5 11. O-O d5 12. c5 Nc4 13. b3 Nxe3 14. fxe3 Rc8 15.
Rc1 h5 16. Re1 e6 17. Qd2 Bh6 18. Nd1 Be4 19. b4 a6 20. a4 Qf6 21. b5 axb5 22.
axb5 Bxf3 23. bxc6 Bxe2 24. cxb7 Rc7 25. Qxe2 Rxb7 26. Qa6 Rc7 27. Nc3 Rfc8 28.
Nxd5 Bxe3+ 29. Nxe3 Qxd4 30. Qc4 Qd2 31. Qc3 Qd7 32. Qe5 Qb5 33. Red1 Rc6 34.
Rd6 Rxc5 35. Rxc5 1-0

[Event "23. Schweinfurt Open"]
[Site "Schweinfurt"]
[Date "2013.06.01"]
[Round "5.9"]
[White "Neuberg, Hans-Gerhard"]
[Black "Volkamer, Tobias"]
[Result "1-0"]
[WhiteElo "1992"]
[BlackElo "1737"]
[PlyCount "139"]
[EventDate "2013.05.30"]
[Source "SK SW 2000"]
[SourceDate "2013.06.02"]

1. e4 d5 2. exd5 Qxd5 3. Nc3 Qd6 4. d4 Nf6 5. Nf3 c6 6. Be2 Bf5 7. O-O e6 8.
Nh4 Bg6 9. g3 Qc7 10. Bf3 Be7 11. Bf4 Bd6 12. Ne2 O-O 13. c3 Nbd7 14. Nxg6 hxg6
15. h4 Nh5 16. Bxd6 Qxd6 17. Kg2 Rfe8 18. Qc2 Qc7 19. Rad1 Rad8 20. Bxh5 gxh5
21. Nf4 Nf6 22. Rfe1 e5 23. dxe5 Rxd1 24. Qxd1 Rxe5 25. Rxe5 Qxe5 26. Qd8+ Kh7
27. Qd3+ g6 28. Qe3 Qxe3 29. fxe3 Ng4 30. Kf3 Kg7 31. Nd3 b6 32. Kf4 Kf6 33. e4
Ke6 34. c4 c5 35. e5 Nh2 36. b3 a5 37. Nf2 Nf1 38. Ne4 Kd7 39. Nf6+ Kc6 40. Ne4
Kd7 41. Nd6 f6 42. Ne4 fxe5+ 43. Kxe5 Ke7 44. Kf4 Ke6 45. Nc3 Kd6 46. Nd5 b5
47. Nc3 bxc4 48. bxc4 Nd2 49. Kg5 Ke5 50. Kxg6 Kd4 51. Kxh5 Kxc3 52. g4 Kd4 53.
g5 Ke5 54. Kh6 Ne4 55. h5 Ke6 56. Kg6 Ke7 57. h6 Nd6 58. h7 Nf7 59. Kg7 Nxg5
60. h8=Q Ne6+ 61. Kh6 Kd6 62. Qc3 Nd4 63. Qxa5 Nc6 64. Qb6 Kd7 65. Qxc5 Nb8 66.
a4 Nc6 67. a5 Nxa5 68. Qxa5 Kd6 69. Qd5+ Ke7 70. c5 1-0

[Event "23. Schweinfurt Open"]
[Site "Schweinfurt"]
[Date "2013.06.01"]
[Round "5.10"]
[White "Basel, Moritz"]
[Black "Poßke, Thore"]
[Result "0-1"]
[WhiteElo "1525"]
[BlackElo "1900"]
[PlyCount "82"]
[EventDate "2013.05.30"]
[Source "SK SW 2000"]
[SourceDate "2013.06.02"]

1. d4 d5 2. c4 c6 3. Nc3 e6 4. Nf3 dxc4 5. a4 Bb4 6. e3 b5 7. Bd2 a5 8. axb5
Bxc3 9. Bxc3 cxb5 10. b3 Bb7 11. bxc4 b4 12. Bb2 Nf6 13. Bd3 Be4 14. O-O O-O
15. Qc2 Bxd3 16. Qxd3 Nbd7 17. h3 a4 18. Ra2 a3 19. Ba1 Qa5 20. Nd2 Rfd8 21. f4
Qa4 22. Rb1 Rab8 23. Rb3 Nc5 24. Qc2 Nxb3 25. Qxb3 Qxb3 26. Nxb3 Ne4 27. Kf1
Rdc8 28. c5 f5 29. g4 g6 30. Rc2 Kf8 31. Ke2 Ke7 32. Kd3 h6 33. gxf5 gxf5 34.
Rg2 Rg8 35. Rxg8 Rxg8 36. Kc4 Rg3 37. d5 exd5+ 38. Kxb4 Rxh3 39. Nd4 Rh1 40.
Nc2 Rc1 41. Nxa3 Rxa1 0-1

[Event "23. Schweinfurt Open"]
[Site "Schweinfurt"]
[Date "2013.06.01"]
[Round "5.11"]
[White "Neubauer, Jaro"]
[Black "Kilian, Markus"]
[Result "1/2-1/2"]
[WhiteElo "2027"]
[BlackElo "1811"]
[PlyCount "62"]
[EventDate "2013.05.30"]
[Source "SK SW 2000"]
[SourceDate "2013.06.02"]

1. e4 g6 2. d4 d6 3. Nc3 Nf6 4. Be2 Bg7 5. h4 c5 6. dxc5 Qa5 7. Kf1 Qxc5 8. h5
O-O 9. Be3 Qb4 10. a3 Qxb2 11. Nb5 Nxe4 12. Rb1 Nc3 13. Nxc3 Qxc3 14. Nf3 Nd7
15. hxg6 fxg6 16. Qd5+ Kh8 17. Bd3 Nf6 18. Qg5 Kg8 19. Bd4 Qc7 20. Rxh7 Nxh7
21. Qxg6 Nf6 22. Bxf6 Rxf6 23. Qe8+ Bf8 24. Rb4 e5 25. Rh4 Qe7 26. Bc4+ Rf7 27.
Bxf7+ Kg7 28. Rh5 Qxe8 29. Bxe8 Be7 30. Bb5 Bg4 31. Rh2 Bf5 1/2-1/2

[Event "23. Schweinfurt Open"]
[Site "Schweinfurt"]
[Date "2013.06.01"]
[Round "5.12"]
[White "Heller, Thomas"]
[Black "Wolf, Pablo"]
[Result "1-0"]
[WhiteElo "1801"]
[BlackElo "1506"]
[PlyCount "57"]
[EventDate "2013.05.30"]
[Source "SK SW 2000"]
[SourceDate "2013.06.02"]

1. d4 d5 2. Nf3 Nf6 3. Nbd2 Bf5 4. g3 Nc6 5. c3 e6 6. Bg2 Bd6 7. O-O O-O 8. Nh4
Bg6 9. Nxg6 hxg6 10. f4 Ne7 11. e4 dxe4 12. Nxe4 Nxe4 13. Bxe4 Rb8 14. Qf3 c5
15. Be3 cxd4 16. Bxd4 b6 17. Rad1 Qc7 18. Kg2 Nf5 19. Bf2 Bc5 20. Bxf5 gxf5 21.
Rd3 Bxf2 22. Rxf2 Rfd8 23. Rfd2 Rxd3 24. Qxd3 Qc6+ 25. Kg1 Rb7 26. Qd8+ Kh7 27.
Qh4+ Kg6 28. Qg5+ Kh7 29. Qh5+ 1-0

[Event "23. Schweinfurt Open"]
[Site "Schweinfurt"]
[Date "2013.06.01"]
[Round "5.13"]
[White "Müller, Kai"]
[Black "Schmitz, Wolfgang"]
[Result "1-0"]
[WhiteElo "1481"]
[BlackElo "2070"]
[PlyCount "75"]
[EventDate "2013.05.30"]
[Source "SK SW 2000"]
[SourceDate "2013.06.02"]

1. e4 e5 2. Nf3 Nc6 3. Bc4 d6 4. O-O Bg4 5. c3 Be7 6. d3 Na5 7. Nbd2 Nxc4 8.
Nxc4 Nf6 9. Ne3 Be6 10. Ng5 O-O 11. Nxe6 fxe6 12. Qb3 Qd7 13. Nf5 c6 14. Nxe7+
Qxe7 15. f4 Nd7 16. Qxb7 d5 17. Qxc6 Rfc8 18. Qa4 Nc5 19. Qc2 dxe4 20. dxe4 Rd8
21. fxe5 Nd3 22. Be3 Qb7 23. Bd4 Qxe4 24. Rae1 Qxe1 25. Rxe1 Nxe1 26. Qe2 Rab8
27. Qxe1 Rxb2 28. Qh4 Rb1+ 29. Kf2 Rf8+ 30. Ke3 h6 31. Qe7 Re1+ 32. Kd2 Rff1
33. Qxe6+ Kh7 34. Qg4 Ra1 35. e6 Rxa2+ 36. Kd3 g6 37. e7 Re1 38. e8=Q 1-0

[Event "23. Schweinfurt Open"]
[Site "Schweinfurt"]
[Date "2013.06.01"]
[Round "5.14"]
[White "Lachnit, Manfred"]
[Black "Helgert, Johannes"]
[Result "0-1"]
[WhiteElo "1613"]
[BlackElo "2024"]
[PlyCount "44"]
[EventDate "2013.05.30"]
[Source "SK SW 2000"]
[SourceDate "2013.06.02"]

1. e4 e6 2. d4 d5 3. e5 c5 4. c3 Qb6 5. Nf3 Nc6 6. Qb3 Qc7 7. Bb5 Bd7 8. O-O c4
9. Qc2 Nxe5 10. dxe5 Bxb5 11. Na3 Bc6 12. Bf4 Ne7 13. Nh4 Ng6 14. Nxg6 hxg6 15.
b4 a5 16. Qb2 axb4 17. cxb4 Qb6 18. Nc2 Ba4 19. Be3 Qc7 20. f4 Bxc2 21. Qxc2
Bxb4 22. Rab1 Bc5 0-1

[Event "23. Schweinfurt Open"]
[Site "Schweinfurt"]
[Date "2013.06.01"]
[Round "5.15"]
[White "Klüber, Werner"]
[Black "Malchau, Jochen"]
[Result "1-0"]
[WhiteElo "1958"]
[BlackElo "1635"]
[PlyCount "57"]
[EventDate "2013.05.30"]
[Source "SK SW 2000"]
[SourceDate "2013.06.02"]

1. d4 d5 2. Nf3 Nf6 3. c4 e6 4. Nc3 c6 5. e3 Bd6 6. Bd3 O-O 7. O-O Nbd7 8. b3
e5 9. dxe5 Nxe5 10. Nxe5 Bxe5 11. Bb2 Bxh2+ 12. Kxh2 Ng4+ 13. Kg3 Qg5 14. f4
Qe7 15. Qf3 Nxe3 16. Rfe1 d4 17. Qe4 Nf5+ 18. Kf3 Qxe4+ 19. Nxe4 Rd8 20. g4 Nh6
21. g5 Nf5 22. Ng3 Nh4+ 23. Kf2 c5 24. f5 g6 25. f6 Be6 26. Rh1 Nf5 27. Nxf5
Bxf5 28. Bxf5 gxf5 29. Rh3 1-0

[Event "23. Schweinfurt Open"]
[Site "Schweinfurt"]
[Date "2013.06.01"]
[Round "5.16"]
[White "Herda, Christoph"]
[Black "Hanft, Günter"]
[Result "1/2-1/2"]
[WhiteElo "1917"]
[BlackElo "1615"]
[PlyCount "109"]
[EventDate "2013.05.30"]
[Source "SK SW 2000"]
[SourceDate "2013.06.02"]

1. Nc3 d5 2. e4 e6 3. Nf3 Bb4 4. exd5 exd5 5. Bb5+ c6 6. Ba4 Qe7+ 7. Qe2 Qxe2+
8. Nxe2 Nf6 9. c3 Bd6 10. Bc2 Bg4 11. Ned4 O-O 12. O-O Nbd7 13. Nf5 Bc7 14.
N3d4 Rfe8 15. h3 Bh5 16. g4 Bg6 17. Nh4 Bxc2 18. Nxc2 Ne5 19. Ne1 Re6 20. d4
Ng6 21. Nxg6 fxg6 22. Be3 h5 23. g5 Nd7 24. Nd3 Rf8 25. Rae1 Ree8 26. Bd2 Rxe1
27. Nxe1 Bf4 28. Bxf4 Rxf4 29. Ng2 Re4 30. Re1 Rxe1+ 31. Nxe1 Kf7 32. Kg2 Ke6
33. Kf3 Kf5 34. h4 Nb6 35. b3 Nc8 36. Nc2 Nd6 37. Ne3+ Ke6 38. Kf4 Ne4 39. Nd1
Nd6 40. Kg3 Ne4+ 41. Kg2 Nd6 42. f3 Nf5 43. Kh3 Kd6 44. Nf2 c5 45. dxc5+ Kxc5
46. Nd3+ Kd6 47. f4 b6 48. Ne5 Ne7 49. a4 Kc5 50. Kg2 Kd6 51. Kf3 Ke6 52. Kg3
Kf5 53. Kf3 Ke6 54. Kg2 Kf5 55. Kf3 1/2-1/2

[Event "23. Schweinfurt Open"]
[Site "Schweinfurt"]
[Date "2013.06.01"]
[Round "5.17"]
[White "Brodt, Andreas"]
[Black "Wiener, Horst"]
[Result "0-1"]
[WhiteElo "1601"]
[BlackElo "1909"]
[PlyCount "72"]
[EventDate "2013.05.30"]
[Source "SK SW 2000"]
[SourceDate "2013.06.02"]

1. d4 d5 2. Nf3 Nf6 3. Bg5 Ne4 4. Nbd2 Nxg5 5. Nxg5 e5 6. h4 exd4 7. a3 h6 8.
Ngf3 c5 9. c3 dxc3 10. bxc3 Nc6 11. e3 Bd6 12. Bb5 O-O 13. Bxc6 bxc6 14. O-O
Bg4 15. Qa4 Qd7 16. g3 Rab8 17. Rab1 Bf5 18. Rbe1 Rfe8 19. Kh2 Bd3 20. Rg1 Rb2
21. Rc1 c4 22. Kg2 Re6 23. Rb1 Bxb1 24. Nxb1 Rg6 25. Nbd2 Qb7 26. Kf1 a6 27. e4
Qb5 28. Qxb5 axb5 29. Ke1 Re6 30. Nd4 Bxa3 31. Nxe6 fxe6 32. exd5 cxd5 33. Rg2
b4 34. cxb4 Bxb4 35. f3 c3 36. Kd1 cxd2 0-1

[Event "23. Schweinfurt Open"]
[Site "Schweinfurt"]
[Date "2013.06.01"]
[Round "5.18"]
[White "Völker, Joachim"]
[Black "Leeb, Christian"]
[Result "1-0"]
[WhiteElo "1880"]
[BlackElo "1164"]
[PlyCount "71"]
[EventDate "2013.05.30"]
[Source "SK SW 2000"]
[SourceDate "2013.06.02"]

1. e4 c6 2. d4 d5 3. exd5 cxd5 4. Bd3 Nf6 5. c3 Bg4 6. Qb3 b6 7. Bf4 Nbd7 8.
Nd2 e6 9. Ngf3 Be7 10. Qc2 Bxf3 11. Nxf3 g6 12. O-O O-O 13. Rfe1 a6 14. h3 Nh5
15. Bh2 Bf6 16. Re3 Re8 17. Rae1 b5 18. R3e2 Qb6 19. Ne5 Bxe5 20. Bxe5 Nxe5 21.
Rxe5 Ng7 22. Be2 Rac8 23. Qd2 f6 24. Re3 Kf7 25. g4 g5 26. Rf3 e5 27. Qxg5 Qd6
28. Qd2 e4 29. Re3 Qf4 30. Qc1 h6 31. Rg3 Qd6 32. Qxh6 e3 33. g5 exf2+ 34. Kxf2
Qf4+ 35. Kg2 Rc6 36. g6+ 1-0